| 000 | 01403nam a2200361 a 4500 | ||
|---|---|---|---|
| 001 | ebr10585381 | ||
| 003 | CaPaEBR | ||
| 006 | m u | ||
| 007 | cr cn||||||||| | ||
| 008 | 120830s1997 gw a sb 001 0 eng d | ||
| 010 | _z 97029611 | ||
| 020 | _z3110154064 | ||
| 020 | _z3110154064 (pt. 2 alk. paper) | ||
| 020 | _z3110154056 (pt. 2 pbk.) | ||
| 020 | _z9783110154061 | ||
| 020 | _z9783110218374 (e-book) | ||
| 040 |
_aCaPaEBR _cCaPaEBR |
||
| 035 | _a(OCoLC)811402361 | ||
| 050 | 1 | 4 |
_aP147 _b.D55 1997eb |
| 100 | 1 |
_aDik, S. C. _q(Simon C.) |
|
| 245 | 1 | 4 |
_aThe theory of functional grammar _h[electronic resource] . _nPart 2, _pComplex and derived constructions / _cSimon C. Dik ; edited by Kees Hengeveld. |
| 250 | _a2nd, rev. ed. | ||
| 260 |
_aBerlin : _bMouton de Gruyter, _c1997. |
||
| 300 |
_axx, 477 p. : _bill. |
||
| 440 | 0 |
_aFunctional grammar series ; _v21 |
|
| 504 | _aIncludes bibliographical references and indexes. | ||
| 533 |
_aElectronic reproduction. _bPalo Alto, Calif. : _cebrary, _d2011. _nAvailable via World Wide Web. _nAccess may be limited to ebrary affiliated libraries. |
||
| 650 | 0 | _aFunctionalism (Linguistics) | |
| 655 | 7 |
_aElectronic books. _2local |
|
| 700 | 1 | _aHengeveld, Kees. | |
| 710 | 2 | _aebrary, Inc. | |
| 856 | 4 | 0 |
_uhttp://site.ebrary.com/lib/rucke/Doc?id=10585381 _zAn electronic book accessible through the World Wide Web; click to view |
| 999 |
_c106908 _d106908 |
||